000 00729nam a2200193 4500
001 107257
003 ES-MaACL
007 t|
008 061121s1943 sp r ||||1| spa d
100 1 _aMorley, Arthur.
_983601
245 1 0 _aResistencia de materiales /
_cArthur Morley; traducida al español y reducida al sistema métrico decimal de la quinta edición (1919) por José Serrat y Bonastre con la colaboración de Ricardo Benito y Endara.
250 _a3ª.ed.
260 _aBarcelona :
_bLabor,
_c1943.
300 _aXV, 687 p. :
_bil. ;
_c22 cm.
700 1 _aSerrat y Bonastre, José.
_9105817
700 1 _aBenito y Endara, Ricardo
_927699
852 _aES-MaACL
_jE-1764
_bR.22539
999 _c107257
_d107257